Microsoft computer dictionary. (Record no. 110)

MARC details
000 -LEADER
fixed length control field 00503cam a2200193ua 4500
008 - FIXED-LENGTH DATA ELEMENTS--GENERAL INFORMATION
fixed length control field 110321n ii |||gr||||Z||||||eng
020 ## - INTERNATIONAL STANDARD BOOK NUMBER
International Standard Book Number 978-81-203-2055-0
040 ## - CATALOGING SOURCE
Transcribing agency MAIN
082 ## - DEWEY DECIMAL CLASSIFICATION NUMBER
Classification number 004.03
245 ## - TITLE STATEMENT
Title Microsoft computer dictionary.
Statement of responsibility, etc. Edited by Peter Aiken
250 ## - EDITION STATEMENT
Edition statement 5th.
260 ## - PUBLICATION, DISTRIBUTION, ETC.
Place of publication, distribution, etc. New Delhi.:
Name of publisher, distributor, etc. PHI.,
Date of publication, distribution, etc. 2009.
300 ## - PHYSICAL DESCRIPTION
Extent ix, 637 p.:
Other physical details ill.;
Dimensions 20 cm.
700 1# - ADDED ENTRY--PERSONAL NAME
Personal name Aiken, Peter.,
Relator term
942 ## - ADDED ENTRY ELEMENTS (KOHA)
Koha item type Books
653 ## - INDEX TERM--UNCONTROLLED
Uncontrolled term Computer science.
653 ## - INDEX TERM--UNCONTROLLED
Uncontrolled term Computer dictionary.
Holdings
Withdrawn status Lost status Damaged status Not for loan Home library Current library Shelving location Date acquired Total Checkouts Full call number Barcode Date last seen Date last checked out Copy number Price effective from Koha item type
        Naharkatiya College Library Naharkatiya College Library General Stacks 19/09/2020 1 004.03 | MIC 19548 19/01/2021 02/01/2021 1 19/09/2020 Books

Naharkatiya College © 2020. All rights reserved.

Powered By